000 00436nam a2200169Ia 4500
003 OSt
005 20260324094653.0
008 211028s2019 xx 000 0 und d
040 _cAIMIT LIBRARY
041 _aeng
100 _aDsouza, Vinitha; Thomas, C G.
_g161785
_95460
110 _aVanitha T
_95461
245 _aVessel management system /
260 _aMangalore
_c2019
710 _aAmitech Solution
_95462
942 _2ddc
_cPRO
999 _c217913
_d217913